Power system analysis (Record no. 1347)

000 -LEADER
fixed length control field 00590nam a2200229 a 4500
001 - CONTROL NUMBER
control field 1347
003 - CONTROL NUMBER IDENTIFIER
control field BD-DhUET
008 - FIXED-LENGTH DATA ELEMENTS--GENERAL INFORMATION
fixed length control field 931008s1994 nyua 001 0 eng
020 ## - INTERNATIONAL STANDARD BOOK NUMBER
International Standard Book Number 0070585156
020 ## - INTERNATIONAL STANDARD BOOK NUMBER
International Standard Book Number 0071133380
040 ## - CATALOGING SOURCE
Original cataloging agency DLC
Transcribing agency DLC
Modifying agency BD-DhUET
082 00 - DEWEY DECIMAL CLASSIFICATION NUMBER
Classification number 623.19
Item number GRA/1994
100 1# - MAIN ENTRY--PERSONAL NAME
Personal name Grainger, John J.
245 10 - TITLE STATEMENT
Title Power system analysis
250 ## - EDITION STATEMENT
Edition statement 1st ed.
260 ## - PUBLICATION, DISTRIBUTION, ETC. (IMPRINT)
Place of publication, distribution, etc. New York
Name of publisher, distributor, etc. McGraw-Hill
Date of publication, distribution, etc. 1994
300 ## - PHYSICAL DESCRIPTION
Extent xix, 787 p.
Other physical details ill.
504 ## - BIBLIOGRAPHY, ETC. NOTE
Bibliography, etc Includes bibliographies
650 #0 - SUBJECT ADDED ENTRY--TOPICAL TERM
Topical term or geographic name as entry element Electric power systems-Management
700 1# - ADDED ENTRY--PERSONAL NAME
Personal name Stevenson, William D.
942 ## - ADDED ENTRY ELEMENTS (KOHA)
Koha item type General Book
Holdings
Location (home branch) Sublocation or collection (holding branch) Source of classification or shelving scheme Piece designation (barcode) Price effective from Not for loan Koha normalized classification for sorting Koha renewals Shelving location Koha full call number Koha issues (times borrowed) Lost status Copy number Koha out on loan Damaged status Koha date last seen Date acquired Withdrawn status Koha item type Koha date last borrowed
Central Library, BUETCentral Library, BUET 1039602014-09-03 623_000000000000000_19GRA1994 Circulation section623.19/GRA/19945 1  2024-06-012014-09-03 General Book2024-03-04
Central Library, BUETCentral Library, BUET 1039612014-09-03 623_000000000000000_19GRA1994 Circulation section623.19/GRA/19941 2  2020-01-142014-09-03 General Book2019-05-06
Central Library, BUETCentral Library, BUET 1039622014-09-03 623_000000000000000_19GRA19941Circulation section623.19/GRA/19943 3  2025-11-032014-09-03 General Book2025-07-13
Central Library, BUETCentral Library, BUET 1039632014-09-03 623_000000000000000_19GRA1994 Circulation section623.19/GRA/19941 4  2025-04-222014-09-03 General Book2019-10-21
Central Library, BUETCentral Library, BUET 1039642014-09-03 623_000000000000000_19GRA1994 Circulation section623.19/GRA/19941 52023-12-11 2023-11-272014-09-03 General Book2023-11-27
Central Library, BUETCentral Library, BUET 1039652014-09-03 623_000000000000000_19GRA1994 Circulation section623.19/GRA/1994  6  2016-01-262014-09-03 General Book 
Central Library, BUETCentral Library, BUET 1039662014-09-03 623_000000000000000_19GRA19942Circulation section623.19/GRA/19941 7  2021-12-132014-09-03 General Book2021-02-13
Central Library, BUETCentral Library, BUET 1039672014-09-03 623_000000000000000_19GRA1994 Circulation section623.19/GRA/19942 82023-02-06 2022-02-062014-09-03 General Book2022-02-06
Central Library, BUETCentral Library, BUET 1039682014-09-03 623_000000000000000_19GRA1994 Circulation section623.19/GRA/19945 92025-05-17 2025-05-032014-09-03 General Book2025-05-03
Central Library, BUETCentral Library, BUET 895292015-06-21 623_190000000000000_GRA_1994 Reading section623.19/GRA/1994  10  2015-06-212015-06-21 Reading Item 
Central Library, BUETCentral Library, BUET 911382015-06-21 623_190000000000000_GRA_1994 Reading section623.19/GRA/1994  11  2015-06-212015-06-21 Reading Item 
Central Library, BUETCentral Library, BUET 907772015-07-02 623_190000000000000_GRA_1994 Reading section623.19/GRA/1994  12  2015-07-022015-07-02 Reading Item